书目信息 |
| 题名: |
显示技术与显示器件
|
|
| 作者: | 彭国贤 编著 | |
| 分册: | ||
| 出版信息: | 北京 人民邮电出版社 1981 |
|
| 页数: | 256页 | |
| 开本: | 19cm | |
| 丛书名: | 电信技术普及丛书 | |
| 单 册: | ||
| 中图分类: | TN27 | |
| 科图分类: | ||
| 主题词: | 显示--普及读物 , 显示器--普及读物 | |
| 电子资源: | ||
| ISBN: | ||
| 000 | 00714nam0 2200253 45 | |
| 001 | 0181010368 | |
| 005 | 20060426160650.98 | |
| 010 | @dCNY0.67 | |
| 091 | @a15045.总4794-无6138 | |
| 100 | @a19960109d1981 em y0chiy0121 ea | |
| 101 | 0 | @achi |
| 102 | @aCN@b110000 | |
| 105 | @ay z 000yy | |
| 200 | 10 | @a显示技术与显示器件@Axian shi ji shu yu xian shi qi jian@f彭国贤编著@Fpeng guo xian bian zhu |
| 210 | @a北京@c人民邮电出版社@d1981 | |
| 215 | @a256页@d19cm | |
| 225 | 2 | @a电信技术普及丛书 |
| 410 | 0 | @120010@a电信技术普及丛书 |
| 606 | @a显示@x普及读物 | |
| 606 | @a显示器@x普及读物 | |
| 690 | @aTN27@v3 | |
| 701 | 0 | @a彭国贤@Apeng guo xian@4编著 |
| 801 | 0 | @aCN@bNLC@c20060426 |
| 905 | @dTN27@e18 | |
| 显示技术与显示器件/彭国贤编著.-北京:人民邮电出版社,1981 |
| 256页;19cm.-(电信技术普及丛书) |
| ISBN :CNY0.67 |
| ● |
| 相关链接 |
|
|
|
|
正题名:显示技术与显示器件
索取号:TN27/18
 
预约/预借
| 序号 | 登录号 | 条形码 | 馆藏地/架位号 | 状态 | 备注 |
| 1 | 0068735 | 001350969 | 第三借阅区/ [索取号:TN27/18] | 在馆 | |
| 2 | 0068736 | 001351003 | 密集书库/ [索取号:TN27/18] | 在馆 | |
| 3 | 0068737 | 202289861 | 密集书库/ [索取号:TN27/18] | 在馆 | |
| 4 | 0068738 | 202290314 | 密集书库/ [索取号:TN27/18] | 在馆 | |
| 5 | 0068739 | 001350923 | 第二样本阅览室/ [索取号:TN27/18] | 在馆 |